Proposición de normas y recomendaciones para pisos de mosaico terrazo
Gorde:
| Egile nagusia: | |
|---|---|
| Formatua: | Ezezaguna |
| Argitaratua: |
[San José Costa Rica]
1975
|
| Gaiak: | |
| Etiketak: |
Etiketa erantsi
Etiketarik gabe, Izan zaitez lehena erregistro honi etiketa jartzen!
|
MARC
| LEADER | 00000 a2200000 4500 | ||
|---|---|---|---|
| 003 | 011512 | ||
| 005 | 20231207102725.0 | ||
| 008 | 140114s1975 c a m 000 ||s d | ||
| 040 | |c cru CEDI | ||
| 090 | |a TFG 594 | ||
| 100 | |a Murillo Zumbado, Carlos Alberto, 1938- |9 2006 | ||
| 245 | |a Proposición de normas y recomendaciones para pisos de mosaico terrazo | ||
| 260 | |a [San José Costa Rica] |c 1975 | ||
| 300 | |a 30 hojas | ||
| 500 | |a Tesis (Ingeniero Civil) Universidad de Costa Rica. | ||
| 650 | |x PISOS (CONSTRUCCION) |9 16821 | ||
| 942 | |c TFG |h TFG 594 |i 011512 |6 TFG_594_011512000000000 | ||
| 999 | |c 12465 |d 12465 | ||
